INDIAN PHARMACOPOEIA 2026 (Record no. 34440)
[ view plain ]
| 000 -LEADER | |
|---|---|
| fixed length control field | 00280nam a22001337a 4500 |
| 003 - CONTROL NUMBER IDENTIFIER | |
| control field | SGT |
| 082 ## - DEWEY DECIMAL CLASSIFICATION NUMBER | |
| Classification number | 615 |
| Item number | IPC |
| 100 ## - MAIN ENTRY--PERSONAL NAME | |
| Personal name | IPC |
| 245 ## - TITLE STATEMENT | |
| Title | INDIAN PHARMACOPOEIA 2026 |
| 260 ## - PUBLICATION, DISTRIBUTION, ETC. (IMPRINT) | |
| Place of publication, distribution, etc | GHAZIABAD INDIA |
| Name of publisher, distributor, etc | IPC |
| Year of Publication | 2026 |
| 300 ## - PAGE DESCRIPTION | |
| No. of Pages | 1413 |
| 650 ## - SUBJECT ADDED ENTRY--TOPICAL TERM | |
| Topical term or geographic name as entry element | PHARMACOPOEIA |
| 942 ## - ADDED ENTRY ELEMENTS (KOHA) | |
| Source of classification or shelving scheme | Dewey Decimal Classification |
| Koha item type | Books |
| Withdrawn status | Lost status | Source of classification or shelving scheme | Damaged status | Not for loan | Collection code | Home library | Current library | Shelving location | Date acquired | Vendor Name | Volume Information (Serial or Books or Non-Book Material) | SGTU | Full call number | Accession No. (Barcode) | Date last seen | Bill Date | Koha item type |
|---|---|---|---|---|---|---|---|---|---|---|---|---|---|---|---|---|---|
| Dewey Decimal Classification | Not For Loan | SCIENCE | SGT Science & Social Sciences Library | SGT Science & Social Sciences Library | Reference Book | 25/03/2026 | AHUJA PUB | VOL -I | SGTU | 615 IPC | DP1917 | 25/03/2026 | 25/03/2026 | Books | |||
| Dewey Decimal Classification | Not For Loan | SCIENCE | SGT Science & Social Sciences Library | SGT Science & Social Sciences Library | Reference Book | 25/03/2026 | AHUJA PUB | VOL -II | SGTU | 615 IPC | DP1918 | 25/03/2026 | 25/03/2026 | Books | |||
| Dewey Decimal Classification | Not For Loan | SCIENCE | SGT Science & Social Sciences Library | SGT Science & Social Sciences Library | Reference Book | 25/03/2026 | AHUJA PUB | VOL -III | SGTU | 615 IPC | DP1919 | 25/03/2026 | 25/03/2026 | Books | |||
| Dewey Decimal Classification | Not For Loan | SCIENCE | SGT Science & Social Sciences Library | SGT Science & Social Sciences Library | Reference Book | 25/03/2026 | AHUJA PUB | VOL -IV | SGTU | 615 IPC | DP1920 | 25/03/2026 | 25/03/2026 | Books |